logo

Bir Sreshtho Munshi Abdur Rouf Library
Jhenaidah Cadet College

মাইক্রোসফট অফিস ৯৭ : (Record no. 6580)

MARC details
000 -LEADER
fixed length control field 01178nam a2200229 a 4500
001 - CONTROL NUMBER
JCCL Control Number 6580
003 - CONTROL NUMBER IDENTIFIER
JCCL marc code BD-JhCC
005 - DATE AND TIME OF LATEST TRANSACTION
control field 20180212122903.0
008 - FIXED-LENGTH DATA ELEMENTS--GENERAL INFORMATION
fixed length control field 180125s1997 bg a|||| |||| 000 0 mul d
035 ## - SYSTEM CONTROL NUMBER
system control number (BD-JhCC)6580
040 ## - CATALOGING SOURCE
Original cataloging agency BD-JhCC
Modifying agency BD-JhCC
041 ## - LANGUAGE CODE
Language code of Book Bengali and English
082 ## - DEWEY DECIMAL CLASSIFICATION NUMBER
Classification number 004
Author mark and Year KHA 1997
100 ## - MAIN ENTRY--PERSONAL NAME
Personal name খান, মোঃ আজিজুর রহমান
245 ## - TITLE STATEMENT
Title মাইক্রোসফট অফিস ৯৭ :
Remainder of title মাইক্রোসফট উইন্ডোজ ৯৫, মাইক্রোসফট ওয়ার্ড ৯৭, মাইক্রোসফট এক্সেল ৯৭, মাইক্রোসফট পাওয়ার পয়েন্ট ৯৭, মাইক্রোসফট একসিস ৯৭ /
Statement of responsibility, etc মোঃ আজিজুর রহমান খান এবং তারিকুল ইসলাম চৌধুরী
260 ## - PUBLICATION, DISTRIBUTION, ETC. (IMPRINT)
Place of publication, distribution, etc ঢাকা :
Name of publisher, distributor, etc জ্ঞানকোষ প্রকাশনী,
Date of publication, distribution, etc 1997.
300 ## - PHYSICAL DESCRIPTION
Pagination Verious Pages :
Other physical details illus.,
Dimensions 23 cm.
650 ## - SUBJECT ADDED ENTRY--TOPICAL TERM
Topical term or geographic name as entry element Computer Science
700 ## - ADDED ENTRY--PERSONAL NAME
Personal name চৌধুরী, তারিকুল ইসলাম
942 ## - ADDED ENTRY ELEMENTS (KOHA)
Source of classification or shelving scheme Dewey Decimal Classification
Koha item type Books
Holdings
Source of classification or shelving scheme Damaged status Not for loan Home library Current library Shelving location Date of accession Cost, normal purchase price Total Checkouts Full call number Barcode Date last seen Copy number Koha item type
Dewey Decimal Classification     JCC Rouf Library JCC Rouf Library General Stacks 01/25/2018 425.00   004 KHA 1997 388 01/25/2018 C-1 Books

JCC Library | Contacts | JCC Home

Last Update on 23 September 2017
Copyright @ 2017-2020 JCC Rouf Library
Rouf Library, Jhenidah Cadet College (JCC), Bangladesh